| 000 | 00538cam a2200181 a 4500 | ||
|---|---|---|---|
| 001 | 000017563 | ||
| 005 | 20200929165143.0 | ||
| 008 | 711210s1968 mx 000 f spa d | ||
| 040 |
_aDO-SdBNP _bspa _cBNPHU |
||
| 082 |
_a833.91 _bA888c |
||
| 100 | 1 |
_aAub, Max, _d1903-1972. _913819 |
|
| 245 | 1 | 0 |
_aCampo de los almendros / _cMax Aub Mohrenwitz. |
| 260 |
_aMéxico : _bJoaquín Mortiz, _c1968. |
||
| 300 |
_a543 p. ; _c20 cm. |
||
| 490 | 1 | _aNovelistas contemporáneos | |
| 650 | 4 |
_aNovela alemana _93302 |
|
| 650 | 4 |
_aLiteratura alemana _93274 |
|
| 999 |
_c17088 _d17088 |
||